000
00317nam a22001337a 4500
008
170313b xxu||||| |||| 00| 0 eng d
020
_a
9780300099836
041
_a
eng
080
_a
591
100
_a
7
101
_a
SHM
245
_a
INTELLIGENCE OF APES AND OTHER RATIONAL BEINGS
_c
RUMBAUGH.D.M
942
_2
udc
_c
BK
999
_c
7649
_d
7649